000 00579nam a2200181Ia 4500
008 100921s9999 xx 000 0 und d
082 _b30229
_a891.463 थ 98
100 _aहरकारे अरूण.
245 _aकलम 115.
260 _bचंद्रमौळी प्रकाशन, पुणे.
_c1998
300 _a136
_bमयुरेष बुक एजन्सी,कराड
365 _b90
520 _aललित-कथा.
630 _aकलम 115.
650 _aललित-कथा.
730 _aकलम 115.
942 _cBOOK
999 _c779342
_d779339